<?xml version="1.0" encoding="UTF-8"?>
<marc:record xmlns:marc="http://www.loc.gov/MARC21/slim">
   <marc:leader>00000nam a2200000 a 4500</marc:leader>
   <marc:datafield ind1="0" ind2="0" tag="245">
      <marc:subfield code="a">Flow 98/2026</marc:subfield>
   </marc:datafield>
   <marc:datafield ind1="0" ind2="0" tag="245">
      <marc:subfield code="b">Das Magazin für persönliche Entwicklung, Kreativität &amp; mehr Ruhe</marc:subfield>
   </marc:datafield>
   <marc:datafield ind1=" " ind2="1" tag="264">
      <marc:subfield code="a">Münster</marc:subfield>
      <marc:subfield code="b">Deutsche Medien-Manufaktur GmbH &amp; Co. KG</marc:subfield>
      <marc:subfield code="c">2026</marc:subfield>
   </marc:datafield>
   <marc:datafield ind1="1" ind2=" " tag="490">
      <marc:subfield code="a">Flow 2026</marc:subfield>
   </marc:datafield>
   <marc:datafield ind1="1" ind2=" " tag="520">
      <marc:subfield code="a">Angaben aus der Verlagsmeldung &#xD;
&#xD;
Eine Zeitschrift ohne Eile, über kleines Glück und das einfache Leben &#xD;
&#xD;
Eine Zeitschrift ohne Eile, über kleines Glück und das einfache Leben&#xD;
            &#xD;
FLOW bietet Inspiration, Einblicke und positive Denkanstöße und steht für bewusstes Leben mit Aufmerksamkeit für den Moment. FLOW ist das Magazin für gebildete, kreative und neugierige Frauen. FLOW zeichnet sich durch liebevolle Gestaltung, viele Illustrationen und eine eigene Leserinnen-Sprache aus. Dabei besticht es durch sein Papiererlebnis: Aufwendige Ausstattung und Papier-Extras machen das Magazin einzigartig.</marc:subfield>
   </marc:datafield>
   <marc:datafield ind1=" " ind2=" " tag="041">
      <marc:subfield code="a">ger</marc:subfield>
   </marc:datafield>
   <marc:datafield ind1=" " ind2=" " tag="300">
      <marc:subfield code="b">Farbfotos</marc:subfield>
   </marc:datafield>
   <marc:datafield ind1=" " ind2=" " tag="338">
      <marc:subfield code="a">Band</marc:subfield>
   </marc:datafield>
   <marc:datafield ind1=" " ind2=" " tag="300">
      <marc:subfield code="a">146 Seiten</marc:subfield>
   </marc:datafield>
</marc:record>
